Clic Qui gouverne en Europe le 1er janvier 1750 ? - Statistiques

Statistiques générales
  • Ce quiz a été pris 14 fois
  • Le résultat moyen est 13 sur 28
Statistiques - réponses
Hint Réponse % Correct
Etats pontificaux Benoît XIV
70%
Royaume de Prusse Frédéric II
70%
Royaume-Uni George II
70%
Provinces-Unies Guillaume IV d'Orange-Nassau
70%
Hetmanat cosaque Kirill Razoumovski
70%
Royaume de France Louis XV
70%
Empire Ottoman Mahmoud Ier
70%
Principauté d'Andorre (2e co-prince) Sebastià Josep de Victoria de Emparán y de Loyola
70%
République de Gênes Cesare Cattaneo Della Volta
60%
Empire d'Autriche Marie-Thérèse d'Autriche
60%
Royaume de Piémont-Sardaigne Charles-Emmanuel III
50%
Empire russe Elisabeth 1ère
50%
Royaume d'Espagne Ferdinand VI
50%
Royaume de Danemark Frédéric V
50%
Royaume du Portugal Jean V
50%
Royaume de Pologne-Lituanie Auguste III
40%
Principauté de Monaco Honoré III
40%
Duché de Courlande Charles de Saxe
30%
Royaume de Naples et de Sicile Charles III
30%
Saint-Empire Romain Germanique François 1er
30%
Grand-duché de Toscane François III de Lorraine
30%
Principauté de Liège Jean-Théodore de Bavière
30%
Principauté du Liechtenstein Joseph-Wenceslas
30%
République de Saint-Marin Lodovico Belluzzi & Marc’Antonio Tassini
30%
Electorat de Bavière Maximilien III
30%
République de Venise Pietro Grimani
30%
Electorat du Palatinat Charles-Théodore
20%
Royaume de Suède Frédéric 1er
10%
Aucun quiz correspondant
Distribution des résultats
% des personnes avec chaque résultat
Percentile par nombre de réponses
Votre historique - résultats
Vous n’avez pas pris ce quiz